| 000 | 00898nam a22002417a 4500 | ||
|---|---|---|---|
| 999 |
_c102542 _d102542 |
||
| 005 | 20181220153542.0 | ||
| 010 | _a1617EN ENG-116933 | ||
| 020 |
_a9789382823247 _c1395.00 |
||
| 035 | _aB-653116-127 | ||
| 035 | _aEN-100465 | ||
| 037 |
_adpl _bViva |
||
| 037 | _bDBAD/PUB | ||
| 082 | _a340.0917645 | ||
| 100 | _aTabasum, Samiya | ||
| 245 |
_aHindu law / _cby Samiya Tabasum; forwarded by A.Muhamed Mustaque |
||
| 260 |
_aNew Delhi _bSatyam Law International _c2015 |
||
| 270 |
_a2/13, Ansari Road, Darya Ganj, _bNew Delhi _e110002 |
||
| 300 |
_axxvi,598p. _c23cm(Hb) |
||
| 500 | _aIncludes bibliographical references | ||
| 700 | _aMustaque, Muhamed | ||
| 942 |
_2ddc _cEN _mTAB _h340.0917645 |
||